[Event "32nd GER-ch Seniors-65 2020"]
[Site "Magdeburg"]
[Date "2020.08.19"]
[Round "6.8"]
[White "Buchal, Stephan"]
[Black "Allgaier, Erik"]
[Result "0-1"]
[WhiteElo "2280"]
[BlackElo "2030"]
[Annotator "TA"]
[PlyCount "75"]
[EventDate "2020.08.14"]
[EventType "swiss"]
[EventCountry "GER"]
[SourceTitle "playchess.com"]
[Source "ChessBase"]
[SourceQuality "1"]

{[%evp 19,75,8,13,10,12,16,13,6,53,58,49,41,83,83,90,64,55,54,40,53,68,26,15,18,80,80,80,80,81,50,123,123,123,123,123,123,123,132,122,88,90,91,99,88,88,88,88,88,88,88,88,88,109,88,128,88,329,329]} 1. c4 c5 2. g3 g6 3. Bg2 Bg7 4. Nc3 Nc6 5. Nf3 e6 6. d4 cxd4 7. Nb5 d5 8. cxd5 exd5 9. O-O Nge7 10. Nbxd4 O-O 11. Be3 {11.b3 might become the main line. A37: Symmetrical English vs ...g6: 4 Bg2 Bg7 5 Nf3.} Nf5 12. Nxf5 Bxf5 13. Nd4 {[#] The position is equal.} Nxd4 $146 ({Predecessor:} 13... Bg4 14. h3 Bxd4 15. Bxd4 Bxe2 16. Qxe2 Nxd4 17. Qd2 Qf6 18. Rad1 Nf3+ 19. Bxf3 Qxf3 20. Qxd5 {½-½ (43) Ding,L (2805)-Wei,Y (2736) Abidjan 2019}) 14. Bxd4 Be6 15. Rc1 Bh6 16. e3 Qd7 17. Qb3 (17. Bc3 {looks sharper.} f6 18. Qd4 Bg7 19. Rfd1 Rfd8 20. Rd2) 17... b6 18. Rc3 Rac8 19. Rd1 Rc4 20. Rd2 Rfc8 21. Qd1 Bg4 (21... Qe7 $11 {remains equal.}) 22. Bf3 $16 Bxf3 23. Qxf3 {[#] Qf6! is the strong threat.} Qe6 24. Kg2 (24. Rcd3 {seems wilder.} Rc1+ 25. Kg2 R1c2 26. Qf6 Qxf6 27. Bxf6 Rxd2 28. Rxd2 Bg7 29. Bxg7 Kxg7 30. Rxd5 Rc2 31. Rb5) 24... Qe4 ({Black should play} 24... Rxc3 $14 25. Bxc3 Rc5) 25. Qxe4 dxe4 26. Rxc4 Rxc4 {[%mdl 4096] Endgame KRB-KRB} 27. Bf6 {[#] Strongly threatening Rd8+.} Rc8 28. Rd7 Ra8 29. Re7 Bg7 30. Bxg7 Kxg7 31. Rxe4 {KR-KR} Rc8 32. Re7 Rc2 33. Rxa7 Rxb2 34. g4 h6 35. h4 Kf6 36. a4 Ra2 37. Kg3 b5 $2 (37... Kg7 $16) 38. Ra6+ {[%mdl 32768] Accuracy: White = 78%, Black = 67%. . Loss on time!?} 0-1

[Event "32nd GER-ch Seniors-65 2020"]
[Site "Magdeburg"]
[Date "2020.08.19"]
[Round "6.9"]
[White "Waagener, Ulrich"]
[Black "Knaak, Joachim"]
[Result "1/2-1/2"]
[WhiteElo "2081"]
[BlackElo "2144"]
[Annotator "TA"]
[PlyCount "40"]
[EventDate "2020.08.14"]
[EventType "swiss"]
[EventCountry "GER"]
[SourceTitle "playchess.com"]
[Source "ChessBase"]
[SourceQuality "1"]

{[%evp 20,40,32,22,27,2,20,27,27,13,6,11,193,0,0,6,57,0,0,0,0,-14,2]} 1. e4 c5 2. Nf3 d6 3. d4 cxd4 4. Nxd4 Nf6 5. Nc3 g6 6. Be2 Bg7 7. O-O O-O 8. Be3 Nc6 9. Qd2 Nxd4 10. Bxd4 Bd7 11. Rad1 Bc6 {B73: Sicilian Dragon: Classical System without 9 Nb3.} 12. Qe3 Qa5 13. f4 Nd7 {White must now prevent ...e5.White has an edge.} 14. Bxg7 Kxg7 15. Qd4+ {[#]} Kg8 $146 {[#]} (15... Nf6 $11 {and Black has nothing to worry.}) ({Predecessor:} 15... e5 16. Qe3 Qc5 17. Qxc5 dxc5 18. Bb5 Bxb5 19. Nxb5 a6 20. Nc3 Nb6 21. b3 Rad8 22. fxe5 {1-0 (35) Nevednichy,V (2505)-Dumitrache,D (2426) Creon 1999}) 16. Bc4 $2 (16. b4 $1 $18 {[%cal Rb4a5]} e5 17. Qxd6 (17. bxa5 exd4 18. Rxd4 Nc5 $16) 17... Qb6+ 18. Kh1) 16... Qc5 17. Rfe1 a6 (17... Rfe8 $11) 18. Bd5 (18. Qxc5 $14 Nxc5 19. e5) 18... Rac8 $11 {The position is equal.} 19. Qxc5 Nxc5 20. Bxc6 bxc6 {Accuracy: White = 68%, Black = 60%.} 1/2-1/2

[Event "32nd GER-ch Seniors-65 2020"]
[Site "Magdeburg"]
[Date "2020.08.19"]
[Round "6.10"]
[White "Esswein, Karlheinz"]
[Black "Kannenberg, Karl-Heinz"]
[Result "1/2-1/2"]
[WhiteElo "2036"]
[BlackElo "2128"]
[Annotator "TA"]
[PlyCount "80"]
[EventDate "2020.08.14"]
[EventType "swiss"]
[EventCountry "GER"]
[SourceTitle "playchess.com"]
[Source "ChessBase"]
[SourceQuality "1"]

{[%evp 13,80,43,47,6,6,5,9,5,2,0,4,0,0,-3,0,-14,0,0,0,-10,0,0,0,0,0,0,0,0,0,0,0,0,0,0,0,0,0,0,4,15,17,0,0,0,0,-7,41,41,41,41,41,43,49,41,52,0,37,37,62,64,87,84,56,0,0,0,0,0,0]} 1. e4 c6 2. Nc3 d5 3. Nf3 dxe4 4. Nxe4 Bg4 5. h3 Bxf3 6. Qxf3 e6 7. Bc4 Nd7 8. O-O {B11: Caro-Kann: Two Knights Variation.} Ne5 9. Qe2 Nxc4 10. Qxc4 Be7 11. d4 Nf6 12. Nxf6+ Bxf6 13. Be3 O-O 14. Rfd1 {[#]} Qd7 $146 ({Predecessor:} 14... Bg5 15. Rd3 Bxe3 16. fxe3 Qc7 17. a4 a5 18. e4 Rfd8 19. Rad1 Rd7 20. Qc5 b6 {1-0 (60) Petrovic,S (2190)-Kurtcehajic,S (2011) Bosna 2017}) 15. Rd2 Rfd8 16. Rad1 h6 17. Qe2 Qd5 18. c4 Qf5 19. b3 Rd7 20. Qg4 Qxg4 21. hxg4 b6 22. f4 Rad8 23. Kf2 Be7 24. Ke2 Bb4 25. Rd3 Kf8 26. f5 Ke7 27. fxe6 fxe6 28. g5 h5 29. Rh1 Kf7 30. Rxh5 Kg6 31. Rh4 e5 $1 32. Re4 exd4 $1 33. Rexd4 Rxd4 34. Rxd4 (34. Bxd4 $14 Be7 35. a4) 34... Rxd4 (34... Re8 {is more complex.} 35. Rd3 Bc5 36. a4 Re5 37. Kf3 Bxe3 38. Rxe3 Rf5+) 35. Bxd4 $14 {[%mdl 4096] Endgame KB-KB} Be7 36. Be5 Bxg5 {[#]} 37. Bb8 $1 a6 38. Kf3 ({White should try} 38. Bc7 $14) 38... Kf5 $11 {The position is equal.} 39. g4+ Ke6 40. Ke4 Bd8 {Accuracy: White = 93%, Black = 89%.} 1/2-1/2

[Event "32nd GER-ch Seniors-65 2020"]
[Site "Magdeburg"]
[Date "2020.08.19"]
[Round "6.12"]
[White "Zimmermann, Rolf"]
[Black "Hilbig, Dieter"]
[Result "1/2-1/2"]
[WhiteElo "2101"]
[BlackElo "1884"]
[Annotator "TA"]
[PlyCount "141"]
[EventDate "2020.08.14"]
[EventType "swiss"]
[EventCountry "GER"]
[SourceTitle "playchess.com"]
[Source "ChessBase"]
[SourceQuality "1"]

{[%evp 16,140,25,-2,6,14,8,-14,35,4,5,7,22,21,21,14,4,6,13,5,20,12,34,28,22,0,0,0,15,0,0,-16,0,-7,39,0,4,-4,-4,-4,0,-6,0,-30,0,-8,0,0,11,3,2,0,0,0,0,0,0,0,8,8,8,8,8,8,22,8,62,15,63,2,23,8,8,8,8,8,8,8,8,8,8,8,8,8,8,8,8,7,0,7,8,8,8,8,8,8,8,8,8,8,8,8,8,8,8,8,8,8,8,0,0,0,0,0,0,0,0,0,0,0,0,0,0,0,0,0,0]} 1. c4 e6 2. d4 d5 3. Nc3 Nf6 4. Bg5 Be7 5. e3 Nbd7 6. Nf3 b6 7. Rc1 Bb7 8. Be2 O-O 9. O-O Ne4 {D55: Queen's Gambit Declined: 4 Bg5 Be7: Lines without ...h6 and 6...h6 7 Bxf6.} 10. Bxe7 Qxe7 11. a3 {[#]} Rad8 $146 ({Predecessor:} 11... Ndf6 12. Ne5 Nxc3 13. Rxc3 Ne4 14. Rc1 f6 15. Nf3 Rad8 16. Qc2 c6 17. Bd3 c5 18. dxc5 bxc5 {1-0 (60) De Meneses,L (1570)-Gonzales,A (1788) Joao Pessoa 2018}) 12. Qc2 Nxc3 13. Qxc3 c5 14. cxd5 Bxd5 15. Rfd1 Rc8 16. dxc5 Rxc5 17. Qd2 Rfc8 18. b4 R5c7 19. Rxc7 Rxc7 20. Rc1 Nf6 21. Bd3 g6 22. Rxc7 Qxc7 23. Qc2 Qb7 24. Ne1 Ng4 25. h3 (25. e4 {is more complex.} Bc6 26. b5 Bd7 27. Nf3 Qb8 28. Qc3) 25... Ne5 26. Qc3 Nxd3 27. Qxd3 Qc6 {[#] aiming for ...Qc1.} 28. Qd2 Kg7 29. Qc2 Qb7 30. Qc3+ Kg8 31. f3 Qa6 32. Nd3 Qc4 33. Qxc4 Bxc4 $11 {[%mdl 4096] Endgame KB-KN} 34. Ne5 Bb5 35. f4 Kf8 36. Kf2 Ke7 37. e4 f6 38. Nf3 a5 39. e5 axb4 40. axb4 Bc4 (40... fxe5 $11 41. fxe5 Bc4) 41. g3 Bd5 42. Nd4 (42. exf6+ $1 $14 Kxf6 43. Ne5) 42... h6 43. Ke3 g5 {The position is equal.} 44. exf6+ Kxf6 45. fxg5+ hxg5 46. h4 gxh4 47. gxh4 e5 48. Nf3 Kf5 49. h5 e4 50. h6 {Hoping for h7.} Kg6 51. Ne5+ (51. Nd2 {looks sharper.} Kxh6 52. Nxe4 Kg6 53. Nc3 Be6 54. Ke4) 51... Kxh6 52. Nd7 b5 {[#]} 53. Nf6 $1 {[%mdl 512]} Bc6 54. Nxe4 Kg6 55. Kd4 Kf5 56. Nd6+ Ke6 57. Kc5 Kd7 58. Nxb5 Bg2 59. Nc3 Bf1 60. Nd5 Kc8 61. Nb6+ Kb7 62. Nc4 Bxc4 63. Kxc4 {KP-K} Kc6 64. b5+ {[%cal Bb4b5,Bb5b6,Bb6b7][%mdl 32]} Kb6 65. Kb4 Kb7 66. Kc5 Kc7 67. b6+ Kb7 68. Kb5 Kb8 69. Ka6 {b7 would kill now.} Ka8 70. b7+ Kb8 71. Kb6 {Accuracy: White = 89%, Black = 89%.} 1/2-1/2

[Event "32nd GER-ch Seniors-65 2020"]
[Site "Magdeburg"]
[Date "2020.08.20"]
[Round "7.1"]
[White "Dresen, Ulrich"]
[Black "Kierzek, Matthias"]
[Result "1/2-1/2"]
[WhiteElo "2230"]
[BlackElo "2228"]
[Annotator "TA"]
[PlyCount "30"]
[EventDate "2020.08.14"]
[EventType "swiss"]
[EventCountry "GER"]
[SourceTitle "playchess.com"]
[Source "ChessBase"]
[SourceQuality "1"]

{[%evp 9,17,-6,-8,-8,14,-3,7,-3,0,0]} 1. d4 d5 2. Bf4 Nf6 3. e3 c5 4. Nc3 cxd4 5. exd4 a6 {The position is equal.} 6. Nf3 {B13: Caro-Kann: Exchange Variation and Panov-Botvinnik Attack.} Bg4 7. Be2 e6 {7...Bxf3 is more fashionable. Played by Liren Ding in May 2020.} 8. O-O Nc6 9. Ne5 {[#] Not much happened in this game.} {Predecessor:} Bxe2 $146 10. Nxe2 Qb6 11. c3 Be7 12. Qb3 Qa7 13. Kh1 O-O 14. Ng3 Rac8 15. Bg5 Rfe8 {0-1 (47) Turayev,S (2217)-Kobalia,M (2614) chess.com INT 2020} 1/2-1/2

[Event "32nd GER-ch Seniors-65 2020"]
[Site "Magdeburg"]
[Date "2020.08.20"]
[Round "7.2"]
[White "Krauseneck, Peter"]
[Black "Andersen, Knut"]
[Result "1-0"]
[WhiteElo "2120"]
[BlackElo "2047"]
[Annotator "ChessBase"]
[PlyCount "134"]
[EventDate "2020.08.14"]
[EventType "swiss"]
[EventCountry "GER"]
[SourceTitle "playchess.com"]
[Source "ChessBase"]
[SourceQuality "1"]
[TimeControl "40/5400+30:1800+30"]

1. d4 {[%emt 0:00:00]} Nf6 {[%emt 0:00:00]} 2. e3 {[%emt 0:00:01]} e6 {[%emt 0:00:25]} 3. f4 {[%emt 0:00:23]} b6 {[%emt 0:01:44]} 4. Nf3 {[%emt 0:00:17]} Bb7 {[%emt 0:01:38]} 5. Bd3 {[%emt 0:00:08]} Be7 {[%emt 0:00:34]} 6. O-O {[%emt 0:00:09]} O-O {[%emt 0:00:15]} 7. Nbd2 {[%emt 0:10:36]} d5 {[%emt 0:00:51]} 8. Qe1 {[%emt 0:00:23]} Nbd7 {[%emt 0:01:14]} 9. Ne5 {[%emt 0:02:40]} Ne4 {[%emt 0:00:42]} 10. Nxe4 {[%emt 0:09:33]} dxe4 {[%emt 0:01:09]} 11. Bb5 {[%emt 0:03:35]} Nf6 {[%emt 0:04:22]} 12. Bd2 {[%emt 0:02:07]} Qd6 {[%emt 0:04:24]} 13. a3 {[%emt 0:09:01]} a5 {[%emt 0:03:04]} 14. c4 {[%emt 0:11:06]} c6 {[%emt 0:12:32]} 15. Ba4 {[%emt 0:00:07]} Ne8 {[%emt 0:03:34]} 16. b4 {[%emt 0:12:27]} axb4 {[%emt 0:11:31]} 17. axb4 {[%emt 0:10:01]} f6 {[%emt 0:01:01]} 18. Ng4 {[%emt 0:00:20]} Nc7 {[%emt 0:01:00]} 19. Qb1 {[%emt 0:03:33]} Ra7 {[%emt 0:11:31]} 20. c5 {[%emt 0:02:09]} bxc5 {[%emt 0:01:02]} 21. bxc5 {[%emt 0:00:03]} Qd8 {[%emt 0:13:01]} 22. Qb6 {[%emt 0:00:37]} Nb5 {[%emt 0:00:10]} 23. Bxb5 {[%emt 0:02:55]} Rxa1 {[%emt 0:00:10]} 24. Rxa1 {[%emt 0:00:11]} Qxb6 {[%emt 0:00:11]} 25. cxb6 {[%emt 0:00:10]} cxb5 {[%emt 0:00:07]} 26. Ra7 {[%emt 0:05:43]} Rb8 {[%emt 0:00:12]} 27. Nf2 {[%emt 0:01:43]} Bd8 {[%emt 0:01:44]} 28. Ba5 {[%emt 0:00:39]} f5 {[%emt 0:00:25]} 29. Nd1 {[%emt 0:01:47]} Bd5 {[%emt 0:03:11]} 30. Ra6 {[%emt 0:02:33]} Kf7 {[%emt 0:03:47]} 31. Kf2 {[%emt 0:01:12]} Ke8 {[%emt 0:00:39]} 32. Ke1 {[%emt 0:02:20]} Kd7 {[%emt 0:03:31]} 33. Nc3 {[%emt 0:02:52]} Bb7 {[%emt 0:00:22]} 34. Ra7 {[%emt 0:00:19]} Kc6 {[%emt 0:00:10]} 35. Bb4 {[%emt 0:01:01]} Bxb6 {[%emt 0:00:44]} 36. Ra1 {[%emt 0:00:45]} Ra8 {[%emt 0:02:39]} 37. Rc1 {[%emt 0:00:14]} Ba5 {[%emt 0:02:50]} 38. Bxa5 {[%emt 0:01:30]} Rxa5 {[%emt 0:00:40]} 39. Nxe4+ {[%emt 0:00:23]} Kb6 {[%emt 0:00:52]} 40. Nc5 {[%emt 0:01:58]} Bd5 {[%emt 0:01:24]} 41. Nd7+ {[%emt 0:07:41]} Ka6 {[%emt 0:00:51]} 42. Nc5+ {[%emt 0:00:03]} Ka7 {[%emt 0:00:09]} 43. g3 {[%emt 0:01:54]} Ra2 {[%emt 0:00:40]} 44. Nd3 {[%emt 0:06:29]} Rxh2 {[%emt 0:03:48]} 45. Rc7+ {[%emt 0:00:24]} Kb6 {[%emt 0:00:27]} 46. Rxg7 {[%emt 0:00:01]} h5 {[%emt 0:01:29]} 47. Rh7 {[%emt 0:09:20]} Bc4 {[%emt 0:03:29]} 48. Nf2 b4 49. Rh8 {[%emt 0:05:15]} Kb5 {[%emt 0:02:12]} 50. Rb8+ {[%emt 0:00:35]} Ka4 {[%emt 0:00:12]} 51. Ra8+ {[%emt 0:02:05]} Kb3 {[%emt 0:00:07]} 52. Rh8 {[%emt 0:02:50]} Kc3 {[%emt 0:02:12]} 53. Rc8 {[%emt 0:00:43]} Rg2 {[%emt 0:06:09]} 54. Nd1+ {[%emt 0:00:36]} Kd3 {[%emt 0:01:38]} 55. Kf1 {[%emt 0:00:07]} Rc2 {[%emt 0:00:35]} 56. Ke1 {[%emt 0:01:19]} b3 {[%emt 0:00:50]} 57. Rb8 {[%emt 0:00:34]} Re2+ {[%emt 0:02:02]} 58. Kf1 {[%emt 0:00:01]} Kd2 {[%emt 0:01:29]} 59. Nb2 {[%emt 0:00:41]} Re1+ {[%emt 0:01:55]} 60. Kf2 {[%emt 0:00:15]} Bd5 {[%emt 0:00:19]} 61. Rh8 {[%emt 0:00:58]} Re2+ {[%emt 0:01:15]} 62. Kf1 {[%emt 0:00:04]} Rxe3 {[%emt 0:00:22]} 63. Rxh5 {[%emt 0:00:20]} Rf3+ {[%emt 0:01:02]} 64. Kg2 {[%emt 0:00:42]} Kc2 {[%emt 0:00:25]} 65. Na4 {[%emt 0:00:26]} Rd3+ {[%emt 0:00:49]} 66. Kf2 {[%emt 0:00:41]} Rxd4 {[%emt 0:00:14]} 67. Nb6 {[%emt 0:00:14]} b2 {[%emt 0:00:33]} 1-0

[Event "32nd GER-ch Seniors-65 2020"]
[Site "Magdeburg"]
[Date "2020.08.20"]
[Round "7.3"]
[White "Waltenberger, Udo"]
[Black "Buchal, Stephan"]
[Result "1/2-1/2"]
[WhiteElo "2005"]
[BlackElo "2280"]
[Annotator "TA"]
[PlyCount "79"]
[EventDate "2020.08.14"]
[EventType "swiss"]
[EventCountry "GER"]
[SourceTitle "playchess.com"]
[Source "ChessBase"]
[SourceQuality "1"]

{[%evp 19,79,24,49,50,42,14,13,18,13,12,22,14,17,12,15,13,30,22,37,24,45,44,89,35,41,36,64,59,131,121,134,127,104,53,50,38,56,0,0,0,131,0,0,0,0,0,10,0,0,0,0,-124,-123,-340,0,0,0,0,2,12,0,9]} 1. d4 d6 2. Nf3 g6 3. g3 Bg7 4. Bg2 Nf6 5. O-O O-O 6. c4 Nc6 7. Nc3 a6 8. d5 Na5 9. b3 c5 10. dxc6 bxc6 11. Bb2 {E63: King's Indian: Fianchetto: Panno Variation with 7...a6.} Rb8 {Black wants to play ...Nxc4!} 12. Nd4 {[#]} c5 $146 ({Reject} 12... Nxc4 $6 13. Nxc6 Nxb2 14. Qd2 $16) ({Predecessor:} 12... Bb7 13. Nc2 c5 14. Bxb7 Rxb7 15. Nd5 Nxd5 {½-½ (15) Navarovszky,L (2295)-Zaitsev,V (2350) Budapest 1995}) 13. Nc6 Nxc6 14. Bxc6 Bh3 15. Bg2 Qd7 16. Qd2 Bxg2 17. Kxg2 Qc6+ 18. f3 e6 19. e4 Rbd8 20. Rad1 Rd7 21. Qc1 (21. Na4 $16) 21... Ne8 $14 22. Na4 f5 23. Bxg7 Nxg7 (23... Rxg7 $14 24. Nc3 fxe4) 24. e5 $1 $16 dxe5 25. Rxd7 Qxd7 26. Rd1 (26. Nxc5 $16 Qc6 27. b4) 26... Qc6 $14 27. Qe3 {[%mdl 64] Double Attack} e4 28. fxe4 ({Weaker is} 28. Nxc5 f4 $1 $17 {[%mdl 512]}) (28. Kg1 $14) 28... f4 $1 $11 {[%cal Rf4e3]} 29. gxf4 e5 (29... Nf5 $1 $11 30. Qd3 Rf7) 30. Rd5 (30. fxe5 $16 Ne6 31. Rd6) 30... exf4 31. Qf3 $1 Ne6 32. Kf1 $1 Qc7 33. Qg4 Re8 34. e5 Qe7 {White should prevent ...Nc7.} 35. Nc3 (35. Nb6 $1 $11 {was the only way to keep the balance.}) 35... Nc7 $17 36. e6 $2 (36. Rd1 $17 {was called for.}) 36... Qxe6 $2 (36... Nxd5 $19 37. cxd5 {[#]} f3 $1 {[%mdl 512]}) 37. Qxe6+ $11 {The position is equal.} Nxe6 38. Ne4 {Threatens to win with Nf6+.} Re7 39. Nxc5 Nxc5 40. Rxc5 {Accuracy: White = 66%, Black = 78%.} 1/2-1/2

[Event "32nd GER-ch Seniors-65 2020"]
[Site "Magdeburg"]
[Date "2020.08.20"]
[Round "7.4"]
[White "Schulz, Michael"]
[Black "Boidman, Yuri"]
[Result "1-0"]
[WhiteElo "2132"]
[BlackElo "2328"]
[Annotator "TA"]
[PlyCount "137"]
[EventDate "2020.08.14"]
[EventType "swiss"]
[EventCountry "GER"]
[SourceTitle "playchess.com"]
[Source "ChessBase"]
[SourceQuality "1"]

{[%evp 15,137,-5,5,3,6,8,27,29,31,27,22,19,11,20,31,12,14,14,16,6,24,13,6,0,0,0,0,0,156,0,0,0,0,0,166,0,0,-228,-238,-245,0,0,0,0,0,0,554,533,572,508,613,602,597,185,192,193,183,210,192,194,180,167,158,164,161,151,137,145,139,132,480,544,440,418,528,507,900,866,1646,1808,12838,12839,12838,12839,29980,12834,29978,29979,29979,12839,12840,12840,12841,12841,12841,12842,12842,12839,12841,0,12835,12837,12838,12837,12837,12838,12839,12837,12837,12838,12840,12837,12845,12843,12846,12843,29985,12842,12840,12838,12838,12839,29993,29994]} 1. d4 d5 2. Bg5 Nd7 3. Nd2 Ngf6 4. Ngf3 h6 5. Bh4 e6 6. e3 Be7 7. Bd3 O-O 8. c3 c5 9. Qe2 {D03: 1 d4 d5 2 Nf3 Nf6 3 Bg5, including Torre Attack with early ...d5.} Re8 10. O-O b6 11. Ne5 {[#] White has an edge.} Nxe5 $146 ({Predecessor:} 11... Qc7 12. f4 Bb7 13. Ndf3 Ne4 14. Bxe7 Rxe7 15. Nxd7 Rxd7 16. Ne5 Rdd8 17. Rad1 f5 {1-0 (27) Freitas,F-Osorio Machado,J Vitoria 1998}) 12. dxe5 Nd7 13. Bg3 c4 14. Bc2 b5 15. e4 Bb7 16. exd5 Bxd5 17. Ne4 Nc5 18. Rad1 Qb6 19. Nf6+ gxf6 20. Qg4+ $1 Kh8 {[#]} 21. Qh5 $1 {[%mdl 512]} f5 $2 (21... Kg7 $1 $11 22. Qg4+ Kh8) 22. Qxh6+ $2 ({Only move:} 22. Bf4 $1 $16) 22... Kg8 $11 23. Rd4 $40 {[%mdl 128] White threatens Rg4+! and mate. White is up to no good.} Ne4 (23... Be4 $5 24. Bh4 $8 Bxh4 25. Qxh4 Red8 26. Qg5+ Kh7 $11) 24. Re1 Qd8 $2 (24... Red8 $1 $11 25. Bh4 Bxh4 26. Qxh4 Kf8) 25. Rexe4 $2 (25. Bxe4 $18 fxe4 26. Qh5) 25... fxe4 26. h4 $2 (26. Qh5 $1 $11) 26... Bf8 $1 $19 {[%cal Rf8h6]} 27. Qh5 Qe7 $2 ({Black should play} 27... Bg7 $19 {Hoping for ...f5.} 28. Bxe4 Bxe4 $1 {[%mdl 512]} 29. Rxd8 Raxd8) 28. Bxe4 $11 Bxe4 29. Rxe4 {And now Rg4+ would win.} Bg7 30. Rg4 {aiming for Bf4.} Qd8 $2 {[%mdl 8192] Black is on the road to losing.} (30... Rf8 $1 $11) 31. Bf4 $18 Qd1+ 32. Kh2 Kf8 33. Qg5 Bh8 34. Qg8+ $2 (34. Qh6+ Ke7 35. Bg5+ Kd7 36. Rd4+ Qxd4 37. cxd4) 34... Ke7 35. Bg5+ Kd7 36. Rd4+ {[%mdl 64] Double Attack} Kc6 {[#]} 37. Qxe8+ $1 {[%mdl 512]} Rxe8 38. Rxd1 {Threatens to win with f4.} Bxe5+ {[%mdl 4096] Endgame KRB-KRB} 39. g3 b4 40. Bf4 ({Don't play} 40. cxb4 $6 Bxb2 41. a4 a6 $16) 40... Bxf4 41. gxf4 $16 {KR-KR} a5 42. Kg3 f5 $2 {[%mdl 8192]} (42... Rh8 $16 {is a better chance.} 43. Kg4 Rg8+ 44. Kf3 Rh8) 43. h5 $18 Rg8+ 44. Kh3 Kc5 45. f3 Rb8 (45... Kb5 $142 46. Re1 bxc3 47. bxc3 Re8 48. Re5+ Kc6 49. Rxa5 Kb6) 46. Rd2 a4 47. a3 bxc3 48. bxc3 Rb3 49. h6 e5 50. fxe5 (50. h7 $142 Rb8 51. fxe5 Rh8 52. Rd7 Kc6 53. e6 Re8 54. Kh4 Rxe6 55. h8=Q Kxd7 56. f4) 50... Rb6 {[#]} 51. Rd6 $1 Rb1 (51... Rxd6 52. exd6) 52. Kg3 (52. Kh4 $142 Rb8 53. h7 Re8 54. Rd7 Kc6 55. e6 $1 {[%mdl 576] Promotion} Rxe6 56. h8=Q Kxd7 57. Qd4+ Ke7 58. Kg5) 52... Rh1 53. Kf4 Rh5 54. Rg6 Kd5 55. Ra6 Kc5 56. Rf6 Kd5 57. Ra6 Kc5 $1 58. Rxa4 Rxh6 59. Kxf5 Rh3 60. Ke4 Rh1 61. Ra5+ Kb6 62. Ra8 Rd1 63. f4 Rd3 64. e6 {e7 would kill now.} Rd1 65. f5 Kc7 66. Ra4 (66. f6 $142 Kb7 {[#]} 67. e7 $1 {[%mdl 512]} Kxa8 68. f7 Rb1 69. f8=Q+ Rb8 70. Qd8 $1 {[%mdl 512]} Ka7 71. Kd5) 66... Kd6 67. Ra6+ Ke7 68. Ra7+ Ke8 69. f6 {Accuracy: White = 76%, Black = 57%.} 1-0

[Event "32nd GER-ch Seniors-65 2020"]
[Site "Magdeburg"]
[Date "2020.08.20"]
[Round "7.5"]
[White "Khanukov, Boris"]
[Black "Braeunlin, Herbert"]
[Result "1/2-1/2"]
[WhiteElo "2291"]
[BlackElo "2031"]
[Annotator "TA"]
[PlyCount "79"]
[EventDate "2020.08.14"]
[EventType "swiss"]
[EventCountry "GER"]
[SourceTitle "playchess.com"]
[Source "ChessBase"]
[SourceQuality "1"]

{[%evp 27,79,5,12,0,2,0,0,0,0,0,0,0,0,0,0,0,0,-10,20,22,41,41,41,41,41,0,0,-16,-6,-82,0,0,0,0,0,0,0,0,0,0,0,0,0,0,0,-15,-9,-13,-41,-37,-23,-23,0,-77]} 1. d4 d5 2. c4 e6 3. Nc3 Nf6 4. Bg5 Nbd7 5. cxd5 exd5 6. e3 h6 7. Bh4 Be7 8. Nf3 O-O 9. Bd3 Re8 10. Qc2 c6 11. O-O Ne4 12. Bxe7 Qxe7 13. Rab1 Ndf6 14. b4 a6 15. a4 {D36: Queen's Gambit Declined: Exchange Variation: Main line (5 Bg5 c6 6 Qc2).} Bf5 16. Ne2 Rac8 17. Ne5 Bh7 {[#]} 18. Rfc1 $146 ({Predecessor:} 18. Rfe1 Nd6 19. Ng3 Bxd3 20. Qxd3 Nd7 21. Nxd7 Qxd7 22. a5 {0-1 (22) Ahmed,A (2224)-Lodhi,M (2374) Abu Dhabi 2007}) 18... Nd6 19. Ng3 Bxd3 20. Qxd3 Nd7 21. Nxd7 Qxd7 22. h3 b5 23. a5 Nc4 24. Re1 Re6 25. Ne2 Rce8 26. Qf5 Qe7 27. Nf4 Re4 $1 28. Red1 (28. Kh1 $11) 28... Nd6 (28... g6 $17 29. Nxg6 fxg6 30. Qxg6+ {[%mdl 64] Double Attack} Qg7 31. Qxc6 {[%mdl 64] Double Attack} Kh8 32. Qxd5 Qg6) 29. Qh5 $1 $11 Rxe3 $1 {Threatens to win with ...Re4.} 30. Nxd5 $1 cxd5 31. fxe3 Qxe3+ 32. Kh2 Qf4+ 33. Kg1 $1 (33. Kh1 Ne4 $17) 33... Qe3+ 34. Kh2 Qf4+ 35. Kg1 $1 ({But not} 35. Kh1 Ne4 $17) 35... Qe3+ 36. Kh1 Ne4 {[#] aiming for ...Ng3+.} 37. Qxd5 Nf2+ 38. Kh2 {And now Re1! would win.} Nxd1 39. Rxd1 Re6 40. Qh5 {Accuracy: White = 84%, Black = 91%.} (40. Rf1 $11) 1/2-1/2